Louis Tomlinson - Side By Side - All lyrics - Statistics

General Stats
  • This quiz has been taken 5 times
  • The average score is 174 of 222
Answer Stats
Answer % Correct
a
100%
All
100%
be
100%
by
100%
eighteen
100%
I
100%
side
100%
Side
100%
since
100%
the
100%
The
100%
There
100%
To
100%
to
100%
was
100%
And
80%
different
80%
far
80%
find
80%
growing
80%
hard
80%
honest
80%
If
80%
I'm
80%
it
80%
keep
80%
Life's
80%
little
80%
me
80%
me?
80%
much
80%
need
80%
no
80%
reason
80%
same
80%
say
80%
that
80%
There's
80%
this,
80%
too
80%
up
80%
ways
80%
we'd
80%
Who
80%
why
80%
words
80%
you
80%
You
80%
you,
80%
you)
80%
you're
80%
at
60%
better,
60%
Couldn't
60%
(Couldn't
60%
do
60%
Does
60%
don't
60%
good
60%
hold
60%
in
60%
into
60%
it's
60%
Kids
60%
kids
60%
knew
60%
like
60%
Like
60%
look
60%
my
60%
older,
60%
on
60%
one
60%
open
60%
over
60%
quite
60%
see
60%
sees
60%
stay
60%
struggle
60%
suit
60%
think
60%
thought
60%
tighter
60%
Together,
60%
together
60%
turn
60%
unspoken
60%
until
60%
We'll
60%
well
60%
wiser
60%
with
60%
without
60%
Fluent
40%
would've
40%
No matching quizzes found
Score Distribution
Percent of People with Each Score
Percentile by Number Answered
Your Score History
You have not taken this quiz